10-minute stories

Bibliographic Details
Other Authors: Classic stories to treasure
Format: Book
Published: United Kingdom : Miles Kelly Publishing Ltd , 2019
Subjects:

MARC

LEADER 00000cam a2200000 7i4500
001 0000087312
005 20230125114008.0
008 220120
020 |a 9781786178862 
041 0 |a English 
090 0 0 |a JF   |b CT ENG 
245 1 0 |a 10-minute stories 
260 |a United Kingdom :   |b Miles Kelly Publishing Ltd ,   |c 2019 
300 |a 384 p. :   |b ill., col. ;   |c 22.5 cm. 
500 |a Children ages 7-9 years old (orange) 
541 0 |c Purchased on 2021   |f 2021/11-23 SPI   |h RM100.60 
650 0 |a Classic tales 
700 1 |a Classic stories to treasure 
999 |a 0001670715   |b Book   |c Children Collection   |e Perbadanan Perpustakaan Awam Johor 
999 |a 0001670716   |b Book   |c Children Collection   |e Cawangan Urban Transformation Centre 
999 |a 0001670717   |b Book   |c Children Collection   |e Cawangan AEON Kulaijaya 
999 |a 0001671004   |b Book   |c Children Collection   |e Cawangan Segamat 
999 |a 0001671005   |b Book   |c Children Collection   |e Cawangan Taman Universiti 
999 |a 0001671006   |b Book   |c Children Collection   |e Cawangan Taman Sri Lambak 
999 |a 0001671007   |b Cassette   |c Children Collection   |e Cawangan Bandar Tenggara 
999 |a 0001671008   |b Book   |c Children Collection   |e Cawangan Pontian 
999 |a 0001671009   |b Book   |c Children Collection   |e Cawangan Bukit Gambir 
999 |a 0001671010   |b Book   |c Children Collection   |e Cawangan Mersing 
999 |a 0001671011   |b Book   |c Children Collection   |e Cawangan Muar 
999 |a 0001671012   |b Book   |c Children Collection   |e Cawangan Tangkak 
999 |a 0001671013   |b Book   |c Children Collection   |e Cawangan Tmn. Ungku Tun Aminah 
999 |a 0001671014   |b Book   |c Adult Collection   |e Cawangan Batu Pahat 
999 |a 0001671015   |b Book   |c Children Collection   |e Cawangan Bandar Penawar 
999 |a 0001671016   |b Book   |c Children Collection   |e Cawangan Kota Tinggi